000 00645 a2200181 4500
003 Nust
005 20170207153214.0
040 _cNust
082 _a005.1
100 _aLatif, Aisha (MSCS-13)
245 _aDesign and implementation of a system to convert ERD to semi-star schema
_cAisha Latif
260 _bMCS,NUST
_c2009
_aRawalpindi
300 _aix, 55, p.;
505 _aIntroduction (page-1) Background (page-7) Literature review (page-16) Design technique for semi-star schema generation (page-20) Analysis and discussion (page-42) Conclusion (page-50)
538 _aAlmirah No 69 Shelf No 4
650 _aPG Thesis
651 _aMSCS-13
942 _cTHS
999 _c181537
_d181537